000 00412nam a2200145Ia 4500
008 220803s9999 xx 000 0 und d
020 _a9781138229303
041 _aeng
082 _a720.1 VIB
100 _aVibaek K
_926032
245 _aArchitectural System Structures : Integrating Design Complexity In Industrialised Construction
260 _aNew York
_bRoutledge
_c2014
300 _a244p
500 _aARCHI
999 _c16708
_d16708